Fr. Conceicao Rodrigues College of Engineering

Artificial intelligence (Record no. 27631)

MARC details
000 -LEADER
fixed length control field 00370nam a2200169Ia 4500
082 ## - DEWEY DECIMAL CLASSIFICATION NUMBER
Classification number 6.3
Item number RIC
100 ## - MAIN ENTRY--PERSONAL NAME
Personal name Rich/Elaine/ Knight /K
250 ## - EDITION STATEMENT
Edition statement 3
245 ## - TITLE STATEMENT
Title Artificial intelligence
260 ## - PUBLICATION, DISTRIBUTION, ETC.
Name of publisher, distributor, etc. MCGRAW HILL PUBL.
Date of publication, distribution, etc. 2009
366 ## - TRADE AVAILABILITY INFORMATION
Publishers's discount category 25
300 ## - PHYSICAL DESCRIPTION
Extent 568
546 ## - LANGUAGE NOTE
Language note ENGLISH
-- PAMPHALETS
650 ## - SUBJECT ADDED ENTRY--TOPICAL TERM
Topical term or geographic name entry element Artificial Intelligence
942 ## - ADDED ENTRY ELEMENTS (KOHA)
Koha item type BOOK
Holdings
Withdrawn status Lost status Damaged status Not for loan Collection Home library Current library Date acquired Source of acquisition Cost, normal purchase price Inventory number Total Checkouts Full call number Barcode Date due Date last seen Date last checked out Cost, replacement price Price effective from Koha item type
        CRC Fr. Agnel's C.Rodrigues College of Engineering AGNEL TECHNICAL COLLEGE LIBRARY 17/03/2023 Book Base 262.50 9633 dt 28/04/2010 1 6.3 RIC 20566 06/10/2025 08/07/2025 08/07/2025 350.00   BOOK